Technology management, 1999

Uloženo v:
Podrobná bibliografie
Médium: Sách
Jazyk:Undetermined
Vydáno:  Auerbach  1999
Témata:
Tagy: Přidat tag
Žádné tagy, Buďte první, kdo otaguje tento záznam!
Thư viện lưu trữ: Trung tâm Thư viện - Trường Đại học Công nghiệp TP. Hồ Chí Minh
LEADER 00431nam a2200133Ia 4500
001 UIH_02487
008 231011s9999 xx 000 0 und d
082 |a  658.57 
245 0 |a  Technology management, 1999 
260 |b  Auerbach 
260 |c  1999 
650 |a  Công nghệ; Nghiên cứu, công nghiệp;  
927 |a Sách 
980 |a Trung tâm Thư viện - Trường Đại học Công nghiệp TP. Hồ Chí Minh